00000000nam 2200000zi 4500
0019.941839
003CaOODSP
00520250122144752
006m     o  d f      
007cr cn|||||||||
008240814e20240531qucad   ob   f000 0 eng d
020 |a9780660731490|q(evaluation report)
020 |a9780660731506|q(summary)
040 |aCaOODSP|beng|erda|cCaOODSP
043 |an-cn---
0861 |aCH7-74/1-2024E-PDF
0861 |aCH7-74/2-2024E-PDF
24500|aEvaluation of the Court Challenges Program 2017-18 to 2022-23.
264 1|a[Gatineau, Quebec] : |bCanadian Heritage = Patrimoine canadien, |cMay 31, 2024.
264 4|c©2024
300 |a1 online resource (iv, 33 pages) : |bchart, illustrations + |esummary (2 unnumbered pages)
336 |atext|btxt|2rdacontent
337 |acomputer|bc|2rdamedia
338 |aonline resource|bcr|2rdacarrier
500 |aIssued also in French under title: Évaluation du Programme de contestation judiciaire 2017-2018 à 2022-2023.
504 |aIncludes bibliographical references.
520 |a"This document is the final report on the evaluation of the Court Challenges Program (CCP). The objective of this program is to support Canadians in bringing test cases of national significance before the courts to clarify and assert certain constitutional and quasi-constitutional official language rights and human rights. The CCP, reinstated in 2017 to the Canadian Heritage (PCH) portfolio, is funded by the federal government and managed by the University of Ottawa using a further distribution funding model"--Summary, page iii.
61010|aCanada. |bCanadian Heritage|xEvaluation.
650 0|aLinguistic rights|zCanada.
650 0|aCivil rights|zCanada.
650 0|aActions and defenses|zCanada|xFinance.
7101 |aCanada. |bCanadian Heritage. |bEvaluation Services, |eissuing body.
77508|tÉvaluation du Programme de contestation judiciaire 2017-2018 à 2022-2023.|w(CaOODSP)9.941841
85640|qPDF|s1.03 MB|uhttps://publications.gc.ca/collections/collection_2025/pch/CH7-74-1-2024-eng.pdf|zReport
85640|qPDF|s244 KB|uhttps://publications.gc.ca/collections/collection_2025/pch/CH7-74-2-2024-eng.pdf|zSummary
8564 |qHTML|sN/A|uhttps://www.canada.ca/en/canadian-heritage/corporate/publications/evaluations/evaluation-court-challenges-2023.html|zReport
8564 |qHTML|sN/A|uhttps://www.canada.ca/en/canadian-heritage/corporate/publications/evaluations/evaluation-court-challenges-2023/summary.html|zSummary